ბათუმის შოთა რუსთაველის სახელმწიფო უნივერსიტეტის ბიბლიოთეკა

Теоретическая археология / (ბიბ.ჩანაწერი № 60855)

000 -LEADER
fixed length control field 00844nam a22001937a 4500
005 - DATE AND TIME OF LATEST TRANSACTION
control field 20231110122526.0
008 - FIXED-LENGTH DATA ELEMENTS--GENERAL INFORMATION
fixed length control field 231110s1983 ru ||||| |||| 00| 0 rus d
041 ## - LANGUAGE CODE
Language code of text/sound track or separate title rus
080 ## - UNIVERSAL DECIMAL CLASSIFICATION NUMBER
Universal Decimal Classification number 902.6 Г-20
100 ## - MAIN ENTRY--PERSONAL NAME
Personal name Гарден, Жан-Клод
9 (RLIN) 20323
245 ## - TITLE STATEMENT
Title Теоретическая археология /
Statement of responsibility, etc. Жан-Клод Гарден; Пер. с фр. Л.А. Лавлинской, Л.Е. Торшиной.
264 ## - PRODUCTION, PUBLICATION, DISTRIBUTION, MANUFACTURE, AND COPYRIGHT NOTICE
Place of production, publication, distribution, manufacture Москва :
Name of producer, publisher, distributor, manufacturer Прогресс,
Date of production, publication, distribution, manufacture, or copyright notice 1983.
300 ## - PHYSICAL DESCRIPTION
Extent 295 с. :
Other physical details ил. ;
Dimensions 21 см
440 ## - SERIES STATEMENT/ADDED ENTRY--TITLE
Title Обществественные науки за рубежом
9 (RLIN) 20324
653 ## - INDEX TERM--UNCONTROLLED
keyword არქეოლოგია
700 ## - ADDED ENTRY--PERSONAL NAME
Personal name Лавлинская, Л.А.
Relator term მთარგმნელი
9 (RLIN) 20325
700 ## - ADDED ENTRY--PERSONAL NAME
Personal name Торшина, Л.Е.
Relator term მთარგმნელი
9 (RLIN) 20326
942 ## - ADDED ENTRY ELEMENTS (KOHA)
Source of classification or shelving scheme
Koha item type წიგნი
ეგზემპლარები
Withdrawn status Lost status Source of classification or shelving scheme Damaged status Not for loan Permanent Location Current Location Shelving location Date acquired Cost, normal purchase price Full call number Barcode Date last seen Copy number Price effective from Koha item type Public note
          ბათუმის შოთა რუსთაველის სახელმწიფო უნივერსიტეტის მთავარი ბიბლიოთეკა ბათუმის შოთა რუსთაველის სახელმწიფო უნივერსიტეტის მთავარი ბიბლიოთეკა წიგნსაცავი 2023-11-10 8.00 902.6 Г-20 65412 2023-11-10 65412 2023-11-10 წიგნი 8 ლ.